Normal view
MARC view
- الطب - زراعة الانسجة والاعضاء - قوانين وتشريعات
Entry Topical Term
001 - CONTROL NUMBER
- control field: 47211
003 - CONTROL NUMBER IDENTIFIER
- control field: JO-AjAnu
005 - DATE AND TIME OF LATEST TRANSACTION
- control field: 20230606081809.0
008 - FIXED-LENGTH DATA ELEMENTS
- fixed length control field: 230606|| aca||aabn | a|a d
040 ## - CATALOGING SOURCE
- Original cataloging agency: JO-AjAnu
- Transcribing agency: JO-AjAnu
150 ## - HEADING--TOPICAL TERM
- Topical term or geographic name entry element: الطب - زراعة الانسجة والاعضاء - قوانين وتشريعات
670 ## - SOURCE DATA FOUND
- Source citation: Work cat.: (JO-AjAnu)24161: العزة، مهند صلاح (أحمد فتحي)؛ إشراف جلال ثروت, author 47210, الحماية الجنائية للجسم البشري في ظل الإتجاهات الطبية الحديثة: دراسة مقارنة: رسالة دكتوراه في كلية الحقوق قسم القانون الجنائي جامعة الاسكندرية